Groovy Bob : (Record no. 17950)

000 -LEADER
fixed length control field 01057cam a2200277 a 4500
001 - CONTROL NUMBER
control field 11910230
005 - DATE AND TIME OF LATEST TRANSACTION
control field 20161130111124.0
008 - FIXED-LENGTH DATA ELEMENTS--GENERAL INFORMATION
fixed length control field 000211s1999 enka 001 0beng
010 ## - LIBRARY OF CONGRESS CONTROL NUMBER
LC control number 00300338
020 ## - INTERNATIONAL STANDARD BOOK NUMBER
International Standard Book Number 0571196276
040 ## - CATALOGING SOURCE
Original cataloging agency DLC
Transcribing agency DLC
043 ## - GEOGRAPHIC AREA CODE
Geographic area code e-uk-en
050 00 - LIBRARY OF CONGRESS CALL NUMBER
Classification number N8660
Item number .F685V96 1999
100 1# - MAIN ENTRY--PERSONAL NAME
Personal name Vyner, Harriet.
245 10 - TITLE STATEMENT
Title Groovy Bob :
Remainder of title the life and times of Robert Fraser /
Statement of responsibility, etc. Harriet Vyner.
260 ## - PUBLICATION, DISTRIBUTION, ETC. (IMPRINT)
Place of publication, distribution, etc. London :
Name of publisher, distributor, etc. Faber and Faber,
Date of publication, distribution, etc. 1999.
300 ## - PHYSICAL DESCRIPTION
Extent xii, 317 p. :
Other physical details ill. ;
Dimensions 24 cm.
500 ## - GENERAL NOTE
General note Includes index.
600 10 - SUBJECT ADDED ENTRY--PERSONAL NAME
Personal name Fraser, Robert,
Dates associated with a name 1937-1986.
650 #0 - SUBJECT ADDED ENTRY--TOPICAL TERM
Topical term or geographic name as entry element Art dealers
Geographic subdivision England
Form subdivision Biography.
650 #0 - SUBJECT ADDED ENTRY--TOPICAL TERM
Topical term or geographic name as entry element Arts, British
Geographic subdivision England
-- London
Chronological subdivision 20th century.
651 #0 - SUBJECT ADDED ENTRY--GEOGRAPHIC NAME
Geographic name London (England)
General subdivision Social life and customs
Chronological subdivision 20th century.
942 ## - ADDED ENTRY ELEMENTS (KOHA)
Source of classification or shelving scheme
Koha item type Hard Covered Materials
Classification part N8660 .F685V96 1999
Holdings
Withdrawn status Lost status Source of classification or shelving scheme Damaged status Not for loan Home library Current library Shelving location Date acquired Source of acquisition Total Checkouts Full call number Barcode Date last seen Price effective from Koha item type
          MACHAKOS UNIVERSITY LIBRARY MACHAKOS UNIVERSITY LIBRARY Open shelf 30/11/2016 Donation(BFA)   N8660 .F685V96 1999 28525 30/11/2016 30/11/2016 Hard Covered Materials
© Machakos University Library, Along The Highway, Machakos Wote Rd, Machakos, Kenya P.O. Box 136 - 90100 Machakos - Kenya

Tel: ( +254 ) 723 805829 OR Fax : 044-20353 OR Email: library@mksu.ac.ke